00538nam a2200169Ia 4500008004100000082001300041100003000054245005500084250000800139260002900147300001200176500002400188650002900212942000700241952010300248999001700351230524s9999 xx 000 0 und d a658bMOH aGirishbala Mohanty924202 0aIndustrial Psychology and Organisational Behaviour a1ST aNEW DELHIbKalyanic2003 aXVI;532 aQuantity Number: 1 aOrganisational Behaviour cBK 00104070aTATCLbTATCLcGENd2023-05-24l0o658 MOHp13398r2023-05-24w2023-05-24yBKzBSCP2201 c35719d35719